|
|
|
|
| LEADER |
01704nam a22004211i 4500 |
| 001 |
EBC1587790 |
| 003 |
MiAaPQ |
| 005 |
20200520144314.0 |
| 006 |
m o d | |
| 007 |
cr cnu|||||||| |
| 008 |
131125t20122012dcu ob 000 0 eng d |
| 020 |
|
|
|z 9781475531268
|
| 020 |
|
|
|a 9781475511826
|q (electronic bk.)
|
| 035 |
|
|
|a (MiAaPQ)EBC1587790
|
| 035 |
|
|
|a (Au-PeEL)EBL1587790
|
| 035 |
|
|
|a (CaPaEBR)ebr10790026
|
| 035 |
|
|
|a (CaONFJC)MIL538135
|
| 035 |
|
|
|a (OCoLC)867927927
|
| 040 |
|
|
|a MiAaPQ
|b eng
|e rda
|e pn
|c MiAaPQ
|d MiAaPQ
|
| 050 |
|
4 |
|a HG3883.5
|b .I53 2012
|
| 245 |
0 |
0 |
|a Independent evaluation at the IMF :
|b the first decade /
|c Ruben Lamdany and Hali Edison, editors.
|
| 246 |
3 |
|
|a Independent evaluation at the International Monetary Fund
|
| 264 |
|
1 |
|a Washington, D.C. :
|b International Monetary Fund,
|c [2012]
|
| 264 |
|
4 |
|c 2012
|
| 300 |
|
|
|a 1 online resource (269 pages)
|
| 336 |
|
|
|a text
|2 rdacontent
|
| 337 |
|
|
|a computer
|2 rdamedia
|
| 338 |
|
|
|a online resource
|2 rdacarrier
|
| 504 |
|
|
|a Includes bibliographical references.
|
| 588 |
|
|
|a Description based on online resource; title from PDF title page (ebrary, viewed November 25, 2013).
|
| 590 |
|
|
|a Electronic reproduction. Ann Arbor, MI : ProQuest, 2015. Available via World Wide Web. Access may be limited to ProQuest affiliated libraries.
|
| 610 |
2 |
0 |
|a International Monetary Fund.
|b Independent Evaluation Office.
|
| 650 |
|
0 |
|a Financial institutions, International
|x Evaluation.
|
| 655 |
|
4 |
|a Electronic books.
|
| 700 |
1 |
|
|a Edison, Hali.
|
| 700 |
1 |
|
|a Lamdany, Ruben,
|d 1954-
|
| 797 |
2 |
|
|a ProQuest (Firm)
|
| 856 |
4 |
0 |
|u https://ebookcentral.proquest.com/lib/matrademy/detail.action?docID=1587790
|z Click to View
|